Promesas de cambio: izquierda y derecha en el Chile contemporáneo

Enregistré dans:
Détails bibliographiques
Auteurs principaux: Dávila A., Mireya (Auteur), Fuentes S., Claudio (Auteur)
Format: Livre
Langue:espagnol
Publié: Santiago, Chile Universitaria 2003
Collection:Estudios
Sujets:
Tags: Ajouter un tag
Pas de tags, Soyez le premier à ajouter un tag!

MARC

LEADER 00000nam a2200000 a 4500
001 UCK2470
003 CL-VaPUC
005 20211009074542.0
008 050113e20030000CL |||||||||||||||||spa|d
999 |c 311986  |d 311984 
020 |a 9568244018 
040 |c Pontificia Universidad Católica de Valparaíso 
082 0 4 |a 320.983 DAV 2003  |2 21 
100 0 |a Dávila A., Mireya  |e author  |9 490317 
245 1 0 |a Promesas de cambio:  |b  izquierda y derecha en el Chile contemporáneo 
260 |a Santiago, Chile  |b Universitaria  |c 2003 
300 |a 189 páginas 
490 0 |a Estudios 
583 |a last modification  |c 20050113 00:00:00  |k Rodrigo Vera 
650 0 |a Historia política  |z CHILE  |9 256974 
650 0 |a Partidos políticos  |z CHILE  |9 254999 
650 0 |a Historia de Chile siglo 20  |y SIGLO 20  |9 268145 
700 0 |a Fuentes S., Claudio  |e author  |9 490318 
852 |a BIBCUR 
942 |c BK  |2 ddc 
945 |d 20050113 00:00:00  |a cmena 
952 |0 0  |1 0  |2 ddc  |4 0  |6 320_983000000000000_DAV_2003  |7 0  |8 A  |9 381763  |a BIBHIS  |b BIBEDU  |d 2019-11-21  |i 409090K  |l 2  |o 320.983 DAV 2003  |p 409090K  |r 2025-01-20  |s 2020-12-02  |t 1  |w 2019-11-21  |y BK  |k HIS